Pracovní kolektív a přestavba

Enregistré dans:
Détails bibliographiques
Format: Livre
Langue:tchèque
Publié: Praha Práce 1989
Édition:1. vyd.
Tags: Ajouter un tag
Pas de tags, Soyez le premier à ajouter un tag!

MARC

LEADER 00000nam a2200000 4500
001 c035802
005 20250609122844.8
041 0 |a cze 
044 |a CZ 
245 1 0 |a Pracovní kolektív a přestavba  |c Anton Dižo, Zoltán Fusko 
250 |a 1. vyd. 
264 1 |a Praha  |b Práce  |c 1989 
300 |a 83 s.